00306nam a2200121Ia 4500003000400000005001700004008004100021020001900062040002700081100002200108245003700130260001700167OSt20240203162039.0170523s9999 xx 000 0 und d a978-0070840539 ciimt university meerut aCHIRNALL- PETER M 0aMARKETING: A BEHAVIORAL ANALYSIS bMC GRAW HILL